| 000 | 00713nam a2200253Ia 4500 | ||
|---|---|---|---|
| 003 | OSt | ||
| 005 | 20220925220342.0 | ||
| 006 | a|||||r|||| 00| 0 | ||
| 007 | ta | ||
| 008 | 220923b |||||||| |||| 00| 0 eng d | ||
| 037 | _cGeneral Book | ||
| 040 |
_aRTL _cRTL _beng |
||
| 041 |
_2eng _aeng |
||
| 082 | _aX:8M, J9;K9 | ||
| 100 |
_aDenyer J. C. _9284598 |
||
| 245 | 0 | _aOffice management | |
| 250 | _a3rd | ||
| 260 |
_aLondon _bMacdonald Evans U. K. _c1969 |
||
| 300 |
_axiv, 509p. Bibliography p.495-97 _ccm. |
||
| 490 | _aEnglish Language Book Society, Textbook series | ||
| 650 | _aOffice Management | ||
| 942 |
_hX:8M, J9;K9 _cGB _2CC |
||
| 999 |
_c571187 _d571187 |
||